Statistics for Top 35 Showtime Series (IMDB)

Click here to take the quiz!

General Stats

  • This quiz has been taken 43 times
    (10 since last reset)
  • The average score is 4 of 35

Answer Stats

SeriesYear(s)IMDB% Correct
Dexter2006-20138.7
60%
Shameless2011-20218.5
60%
Weeds2005-20127.9
30%
Yellowjackets2021-Present7.8
30%
Billions2016-20238.3
20%
Californication2007-20148.3
20%
Dexter: New Blood2021-20228.1
20%
Homeland2011-20208.3
20%
Queer as Folk2000-20058.5
20%
Stargate SG-11997-20028.4
20%
The Tudors2007-20108.1
20%
Masters of Sex2013-20167.9
10%
Nurse Jackie2009-20157.8
10%
Penny Dreadful2014-20168.2
10%
Ray Donovan2013-20208.3
10%
Sleeper Cell2005-20068.0
10%
The Borgias2011-20137.9
10%
United States of Tara2009-20118.0
10%
Couples Therapy2019-20238.2
0%
Dead Like Me2003-20048.1
0%
Episodes2011-20177.8
0%
Escape at Dannemora20187.9
0%
Faerie Tale Theatre1982-19878.3
0%
Huff2004-20067.9
0%
Kidding2018-20208.0
0%
Outcry20208.2
0%
Patrick Melrose20188.0
0%
Penn & Teller: Bullsh*t!2003-20108.2
0%
The Affair2014-20197.9
0%
The Big C2010-20138.1
0%
The Comedy Store20208.2
0%
The Untold History of the United States2012-20138.6
0%
Twin Peaks20178.5
0%
Who Is America?20188.3
0%
Wu-Tang Clan: Of Mics and Men20198.1
0%

Score Distribution

Percentile by Number Answered

Percent of People with Each Score

Your Score History

You have not taken this quiz since the last reset